000 01163nam a2200265 a 4500
001 000018805
003 DO-SdBNP
005 20250129121827.0
008 100519s2010 dr ac r 000 pbspa d
020 _a9789993431336
040 _aDO-SdBNP
_bspa
_cBNPHU
082 4 _aRD861.44
_bG261f
_222
245 0 0 _aFreddy Gatón Arce :
_btrayectoria y obra.
260 _aSanto Domingo :
_bBiblioteca Nacional Pedro Henríquez Ureña,
_c2010.
300 _a48 p. :
_bil., retrs. ;
_c22 cm.
504 _aIncluye bibliografía y notas al pie de las páginas.
504 _aBibliografía : p. 47-48.
505 0 _tFreddy Gatón Arce, trayectoria y obra --
_tUn momento en el pensamiento creador de Gatón Arce (Vlía) --
_tVlía poema para la quinta hoja de un trébol cualquiera --
_tAlgunas opiniones sobre Gatón Arce --
_gBibliografía pasiva --
_gBibliografía --
_gFuentes a consultar en la web.
590 _aInventariado, 2018/BT
600 1 0 _aGatón Arce, Freddy,
_d1920-1994
_xCrítica e interpretación
_97946
650 0 _aPoesía dominicana
_966
650 0 _aLiteratura dominicana.
_967
910 _aValidado. Control de calidad. EMS
942 _2ddc
_cLBS1
999 _c18325
_d18325